000 01378cam a22003737a 4500
003 CHAP
005 20220817043752.0
008 010328d1999 es a r 00110 spa d
010 _a83848
011 _a84820
020 _a8489922268
035 _a95346
040 _cCHAP
082 0 4 _a631.373
_bA5
100 0 0 _aAlonso Sebastian, Ramon.
_94601
245 1 3 _aLa logística en la empresa agroalimentaria :
_btransporte, gestión de stocks y control de calidad
_c/por Ramón Alonso Sebastián, Arturo Serrano Bermejo, Silverio Alarcón Lorenzo
260 _aMadrid :
_bA. Madrid Vicente
_c1999.
300 _a210 p. :
_bilus. ; gráfs.
590 _aBATCH-UPD
_b10
_c20130110
_lUCH01
_h0043
590 _aBATCH-UPD
_b10
_c20130110
_lUCH01
_h0725
590 _aBATCH-UPD
_b10
_c20130409
_lUCH01
_h2028
590 _aBATCH-UPD
_b10
_c20130410
_lUCH01
_h0409
590 _aBATCH-UPD
_b10
_c20130913
_lUCH01
_h2341
590 _aCONVERSION
_b10
_c20130109
_lUCH01
_h1347
650 1 4 _aAlimentos
_xAbastecimiento.
650 1 4 _aProductos agrícolas
_xCalidad.
_991922
650 1 4 _aProductos agrícolas
_xTransporte.
_992035
700 0 _aAlarcón Lorenzo, Silverio.
_93363
700 0 _aSerrano Bermejo, Arturo.
_9105205
901 _aBK
905 _aPatricia Mendoza P.
942 _cLIBRO
949 _a631.373 A5
_bBC
_cLIBRO
_d33724000819355
_eLIBRO
_g210871
_h99980
_i95346
_si
_t$ 214.20
999 _c83848
_d83848